|
|
|
|
| LEADER |
00000nab a2200000 a 4500 |
| 001 |
vtls000629412 |
| 003 |
SK-MaSNL |
| 005 |
20260303201228.0 |
| 008 |
160401c1997 xo 0 slo |
| 015 |
|
|
|a SNBRB19rr/mm-uuuuu
|
| 035 |
|
|
|a CL0629551
|
| 040 |
|
|
|a SNKBUCL
|b slo
|c SNKBUCL
|e AACR2
|
| 041 |
0 |
|
|a slo
|
| 044 |
|
|
|a xo
|c SK
|
| 080 |
|
|
|a 329.052(437.6)
|2 1981
|
| 080 |
|
|
|a 328.123(437.6)
|2 1981
|
| 100 |
1 |
|
|a Pius, Miroslav,
|d 1942-
|4 aut
|9 13714
|
| 245 |
1 |
0 |
|a Paradoxy politiky
|b Slovenský volič vie odhaliť pretvárku
|c Miroslav Pius
|
| 610 |
2 |
7 |
|a Slovenská demokratická koalícia (politická strana)
|2 snkbucl
|9 38262
|
| 655 |
|
7 |
|a články z novín a časopisov
|2 snkbucl
|9 267496
|
| 773 |
0 |
|
|t Slovenská republika
|g Roč. 5, č. 173 (29. 7. 1997), s. 5
|
| 850 |
|
|
|a Slovenská národná knižnica v Martine
|a MTA001
|
| 852 |
|
|
|a SNK
|b KIS3GCP
|
| 958 |
|
|
|a SK
|
| 958 |
|
|
|a RK
|
| 958 |
|
|
|a RBX
|
| 999 |
|
|
|c 2172553
|d 2174483
|